| 000 | 00628cam a22002172 4500 | ||
|---|---|---|---|
| 001 | 0000000589 | ||
| 005 | 20151217151751.0 | ||
| 008 | 070213s xx 000 0 eng d | ||
| 020 |
_a0939868040 (v. 2) : _cKES 2,950 |
||
| 040 |
_aKABU _cKABU |
||
| 050 | 0 |
_aBR115 _b.P8H36 |
|
| 100 | 1 |
_aHamon, Bill. _@0000148824 |
|
| 245 | 1 | 0 | _aProphets and the prophetic movement. |
| 260 |
_aShippensburg, PA : _bDestiny Image, _c1990. |
||
| 300 | _axiii, 227 p. | ||
| 362 | 0 | _avol. 2. | |
| 650 | 0 |
_aProphecy _xChristianity. _@0000148825 |
|
| 908 | _a070213 | ||
| 950 | _@1 | ||
| 999 |
_c4811 _d4811 |
||